=LDR 00000nam 2200000 4500 =001 INLIS000000000022247 =005 20130612121026 =008 ***********************************Ind** =035 ##$$0010-061300000022247 =041 ##$$a Ind =082 ##$$a 133.88 =090 ##$$a 133.88, Sus r =100 ##$$a Susilo =245 ##$$a Zaman edan, Renungan ramalan Jayabaya Ranggawarsito refleksi pemerintahan orde baru selama 32 tahun berkuasa, Drs. Soesilo =260 ##$$a [S.a] $b Jakarta =300 ##$$a xiii,119 hlm, 21 cm =650 ##$$a Psikologi =850 ##$$a NBPNMAT